000 00494cam a22001814a 4500
005 20250605164114.0
008 250528s ||||||||||||||||||||||||d
035 _a17997
040 _aGR-AtMCL
_bgre
_dGR-AtMCL
_eAACR2
245 1 _aΑΠΟ ΤΗΝ ΑΠΕΛΕΥΘΕΡΩΣΗ ΣΤΗΝ ΕΛΕΥΘΕΡΙΑ
250 _a1
260 _bΜπουκουμάνης,
_c1977
300 _a206
700 1 _aΓαλανος Γιαννης Γ
_94323
942 _cBK
999 _c3389
_d3389